| 000 | 01719 a2200325 4500 | ||
|---|---|---|---|
| 005 | 20180503114559.0 | ||
| 008 | 160229s2005 xxu||||fr|||| 000 0 eng d | ||
| 020 | _a9780761929772 | ||
| 040 |
_aCO-BoUCM _bspa _cSaul Niño _dSaul Niño |
||
| 041 | 0 | _aeng | |
| 060 | _aHV 1431 | ||
| 245 |
_aHandbook of youth mentoring _cEdited by David L. DuBois, Michael J. Karcher |
||
| 260 |
_c2005 _bSAGE Publications _aThousand Oaks (California, Estados Unidos) |
||
| 300 | _axii, 608 páginas | ||
| 490 | 0 | _athe SAGE Program on Applied Developmental Science | |
| 520 | _aYouth mentoring is increasingly a part of growing up for children in the US & elsewere. This book offers a synthesis of current theory, research & practice in the field, including guidance on mentoring special groups, such as juvenile offenders, pregnant teens & youth with disabilities. [https://www.worldcat.org/title/handbook-of-youth-mentoring/oclc/432042678&referer=brief_results] | ||
| 650 | 7 |
_912152 _aCriminología _zEstados Unidos |
|
| 650 | 7 |
_918211 _aJuventud _xAspectos culturales _zEstados Unidos |
|
| 650 | 7 |
_98780 _aAlcohol y juventud _vAspectos sociales _zEstados Unidos |
|
| 650 | 7 |
_920889 _aOrientación psicológica _zEstados Unidos |
|
| 650 | 7 |
_925606 _aTrabajo social con jóvenes _xAspectos psicológicos |
|
| 650 | 7 |
_921633 _aPlanes y programas de desarrollo _xAspectos psicológicos |
|
| 650 | 7 |
_922011 _aPolítica pública _xAspectos piscologícos |
|
| 650 | 7 |
_918009 _aInvestigación social |
|
| 690 | 0 |
_aPsicología _98001 |
|
| 700 | 1 |
_aDuBois, David L. _eeditor _975908 |
|
| 700 | 1 |
_aKarcher, Michael J. _eeditor _975909 |
|
| 942 |
_2DEWEY _cLIBRORESER _a9 _e1 _h362.7 _mH236h _n0 |
||
| 999 |
_c302459 _d302459 |
||